|
|
|
|
| LEADER |
01207nam a2200277 a 4500 |
| 001 |
12440279 |
| 008 |
100222r20052001caua b 001 0 eng d |
| 010 |
|
|
|a \\2001092381
|
| 020 |
|
|
|a 1558602860 (alk. paper)
|
| 020 |
|
|
|a 8181473663
|
| 040 |
|
|
|a DLC
|c DLC
|d DLC
|d BD-DhAAL
|
| 082 |
0 |
0 |
|a 005.4/53
|2 22
|
| 100 |
1 |
|
|a Allen, Randy.
|
| 245 |
1 |
0 |
|a Optimizing compilers for modern architectures :
|b a dependence-based approach /
|c Randy Allen, Ken Kennedy.
|
| 250 |
|
|
|a 1st ed.
|
| 260 |
|
|
|a San Francisco :
|b Morgan Kaufmann Publishers ;
|a New Delhi :
|b Elsevier
|c c2001 [reprinted 2005].
|
| 300 |
|
|
|a xxv, 790 p. :
|b ill. ;
|c 25 cm.
|
| 504 |
|
|
|a Includes bibliographical references (p. 743-763) and index.
|
| 541 |
1 |
|
|e 00019804
|
| 650 |
|
0 |
|a Optimizing compilers.
|
| 650 |
|
0 |
|a Computer architecture.
|
| 700 |
1 |
|
|a Kennedy, Ken.
|
| 852 |
4 |
|
|a Ayesha Abed Library
|j General Shelf
|
| 999 |
|
|
|c 7668
|d 7668
|
| 952 |
|
|
|0 0
|1 0
|2 ddc
|4 0
|6 005_453000000000000_ALL_2005
|7 0
|9 8393
|a BRACUL
|b BRACUL
|c GEN
|d 2010-02-22
|l 0
|o 005.453 ALL
|p 3010019804
|r 2010-02-22
|t 1
|w 2010-02-22
|y BK
|
| 952 |
|
|
|0 0
|1 0
|2 ddc
|4 0
|6 005_453000000000000_ALL
|7 0
|9 15949
|a BRACUL
|b BRACUL
|c GEN
|d 2011-03-31
|g 533.00
|l 0
|o 005.453 ALL
|p 3010013109
|r 2011-03-31
|t 2
|w 2011-03-31
|y BK
|